000 00743nam a2200265Ia 4500
003 OSt
005 20220918181006.0
006 a|||||r|||| 00| 0
007 ta
008 220917b |||||||| |||| 00| 0 eng d
024 _a25,088
037 _cTextual
040 _aARTS
_cARTS
_beng
041 _2eng
_aeng
082 _aO111,1K21:gx, K9
100 _aWilding Michael ed
_957640
245 0 _aMarvell
_b modern judgements Michael Wilding
260 _aLondon
_bMacmillan
_c1969
300 _a302p.
_ccm.
490 _aModern judgement ed by P. N Furbank
500 _aBib 285-288p
650 _aENGLISH LITERATURE
942 _hO111,1K21:gx, K9
_cTEXL
_2CC
999 _c163995
_d163995